The Chinese Christian history with the preview of Hsu Y-Hwa {ch} / (Record no. 23017)
[ view plain ]
| 000 -LEADER | |
|---|---|
| fixed length control field | 00653nam a2200181 4500 |
| 008 - FIXED-LENGTH DATA ELEMENTS--GENERAL INFORMATION | |
| fixed length control field | 050425s2004 cc chi |
| 020 ## - INTERNATIONAL STANDARD BOOK NUMBER | |
| International Standard Book Number | 753253622X |
| 090 ## - LOCALLY ASSIGNED LC-TYPE CALL NUMBER (OCLC); LOCAL CALL NUMBER (OCLC) | |
| Classification number (OCLC) (R) ; Classification number, CALL (RLIN) (NR) | BR1285 |
| Local cutter number (OCLC) ; Book number/undivided call number, CALL (RLIN) | W18c |
| 100 0# - MAIN ENTRY--PERSONAL NAME | |
| Personal name | Wang, Zhi-Shin |
| 245 10 - TITLE STATEMENT | |
| Title | The Chinese Christian history with the preview of Hsu Y-Hwa {ch} / |
| Statement of responsibility, etc | Zhi-Shin Wang. |
| 260 ## - PUBLICATION, DISTRIBUTION, ETC. (IMPRINT) | |
| Place of publication, distribution, etc | Shanghai, China : |
| Name of publisher, distributor, etc | Shanghai Ku-Ji Press, |
| Date of publication, distribution, etc | 2004. |
| 300 ## - PHYSICAL DESCRIPTION | |
| Extent | 325 p. |
| 490 1# - SERIES STATEMENT | |
| Series statement | Pung-Lai Ker Series |
| 504 ## - BIBLIOGRAPHY, ETC. NOTE | |
| Bibliography, etc | Includes bibliographical references (p.323-325). |
| 650 #4 - SUBJECT ADDED ENTRY--TOPICAL TERM | |
| Topical term or geographic name as entry element | Christianity |
| Geographic subdivision | China {ch}. |
| 651 #4 - SUBJECT ADDED ENTRY--GEOGRAPHIC NAME | |
| Geographic name | hina |
| General subdivision | Church history {ch}. |
| 951 ## - EQUIVALENCE OR CROSS-REFERENCE-GEOGRAPHIC NAME/AREA NAME [OBSOLETE] [CAN/MARC only] | |
| General subdivision | 00031009 |
| 951 ## - EQUIVALENCE OR CROSS-REFERENCE-GEOGRAPHIC NAME/AREA NAME [OBSOLETE] [CAN/MARC only] | |
| -- | C-6151 |
| -- | BR1285/W18c-3 |
| -- | 070613111449203 |
| -- | 2000-12-21 |
| -- | SP-C CH |
| Withdrawn status | Lost status | Damaged status | Not for loan | Home library | Current library | Shelving location | Date acquired | Accession number | Shelving control number | Total Checkouts | Full call number | Barcode | Date last seen | Price effective from | Koha item type |
|---|---|---|---|---|---|---|---|---|---|---|---|---|---|---|---|
| BSOP Library | BSOP Library | Special Collections Chinese | 12/21/2000 | C-6151 | 127 | BR1285/W18c-3 | 00031009 | 02/23/2013 | 02/23/2013 | Books |
